Herby Mistrzów Polski w piłce nożnej - Statystyki

Ogólne statystyki
  • Ten quiz został rozwiązany 48 razy
  • Średni wynik to 16 z 20
Statystyki odpowiedzi
Obrazkowy Odpowiedź % Poprawnych
Cracovia
100%
Górnik Zabrze
96%
Lech Poznań
96%
Jagiellonia Białystok
93%
Legia Warszawa
93%
ŁKS Łódź
93%
Piast Gliwice
89%
Polonia Warszawa
89%
Raków Częstochowa
89%
Ruch Chorzów
89%
Śląsk Wrocław
87%
Warta Poznań
87%
Wisła Kraków
87%
Stal Mielec
84%
Widzew Łódź
84%
Zagłębie Lubin
82%
Polonia Bytom
78%
Pogoń Lwów
49%
Garbarnia Kraków
47%
Szombierki Bytom
29%
Nie znaleziono quizów pasujących do podanych kryteriów
Rozkład punktacji
Procent ludzi z każdym wynikiem
Percentyl według liczby udzielonych odpowiedzi
Twoja historia wyników
Nie rozwiązałeś tego quizu